000 006080000a22001930004500
001 5133
100 _a20001031d1981 m y0pory5003 ba
101 0 _apor
102 _aPT
200 _aO pároco de aldeia
_aO galego
_evida, ditos e feitos de Lázaro Tomé
_fAlexandre Herculano
210 _aPorto
_cLello & irmão
_d1981
215 _a286 p
225 2 _aBiblioteca iniciação literária
_v38
675 _a821.134.3-34
_vBN
_zpor
700 1 _948870
_aHerculano
_bAlexandre
_f1810-1877
090 _a5133
942 _cMON
_n0
999 _a5133